| 000 | 01003nam a2200229 i 4500 | ||
|---|---|---|---|
| 001 | 184578 | ||
| 003 | ES-MaACL | ||
| 005 | 20250729012634.0 | ||
| 008 | 151023s1931 cu |||| | spa d | ||
| 245 | 0 | 0 |
_aPapeles existentes en el Archivo General de Indias relativos a Cuba y muy particularmente a La Habana : _b(donativo Néstor Carbonell) / _cordenados y con una introducción por Joaquín Llaverías. |
| 260 |
_aLa Habana : _bAcademia de la Historia de Cuba, _c1931. |
||
| 300 |
_a2 v. ; _c28 cm. |
||
| 490 | 1 |
_aAcademia de la Historia de Cuba. Colección de documentos ; _v7-8 |
|
| 505 | 8 | _aContiene: I. 1512-1578 - II. 1578-1586 | |
| 651 | 4 |
_aCuba- _xHistoria- _vFuentes. _98099 |
|
| 700 | 1 |
_aLlaverías, Joaquín, _d1875-1956 _972736 |
|
| 710 | 2 |
_aArchivo General de Indias. _9149748 |
|
| 710 | 2 |
_aAcademia de la Historia de Cuba. _91183 |
|
| 830 | 1 |
_aAcademia de la Historia de Cuba. Colección de documentos ; _v7-8 _9192176 |
|
| 852 |
_aES-MaACL _jD-8818-19 |
||
| 999 |
_c184578 _d184578 |
||